000
00205 a2200097 4500
001
47751
100
_a
Ezighish langauge
245
_a
Aviation
260
_a
_b
Colliem Macmillan
_c
090
_c
30753
_d
30753
942
_a
NUST-CAE
_c
M
_c
23062
999
_c
282824
_d
282824